Normal view
MARC view
- Bailey H.J.E
Entry Personal Name
001 - CONTROL NUMBER
- control field: 39899
003 - CONTROL NUMBER IDENTIFIER
- control field: NUST
005 - DATE AND TIME OF LATEST TRANSACTION
- control field: 20210314131556.0
008 - FIXED-LENGTH DATA ELEMENTS
- fixed length control field: 210314|| aca||aabn | a|a d
040 ## - CATALOGING SOURCE
- Original cataloging agency: NUST
- Transcribing agency: NUST
100 ## - HEADING--PERSONAL NAME
- Personal name: Bailey H.J.E
670 ## - SOURCE DATA FOUND
- Source citation: Work cat.: (NUST): Bailey H.J.E, A Course of Experimental Mechanics
